00530nam a2200157Ia 4500100004200000942000700042654002500049245003900074260002700113082001300140300000800153546001200161999001700173952009100190952009100281 aWhitman/Michael E/ Mattord/Herbert J  cBK ainformation security aPrinciples of information security bThomsan Learningc2003 a5.8bWHI a532 aENGLISH c21977d21977 001040708CRCaCRCEbCRCEd2023-03-17l0o5.8 WHIp14994r2023-03-17w2023-03-17yBK 001040708CRCaCRCEbCRCEd2023-03-17l0o5.8 WHIp14995r2023-03-17w2023-03-17yBK